000 01121nam a22003377a 4500
001 BR0205450
003 BR-BrBNA
005 20230928101206.0
007 ta
008 230509b bl.||||| |||| 00| 0 por d
040 _aBR-BrBNA
_bpor
_cBiblioteca Nacional de Agricultura
041 _a(Por)
072 _aH10
_b1000
_b4030
090 _ 1000 BR0205450
100 1 _aPoletti, M.
110 1 _aEscola Superior de Agricultura Luiz de Queiroz, Piracicaba, SP (Brasil)
_0Tese (Mestre em Ciências)
245 1 _aVariabilidades inter e intraespecífica na suscetibilidade de ácaros fitoseídeos (Acari: Phytoseiidae)e dicofol e deltametrina em citros
260 3 _aPiracicaba, SP (Brasil):
_c2002.
300 _a78 p.
500 _aSummaries (Eng, Por); Bibliography p. 61-78; 7 illus.; 6 tables
650 _aFRUTA CÍTRICA
650 _aÁCARO
650 _aCONTROLE QUÍMICO
650 _aCONTROLE BIOLÓGICO
650 _aRESISTÊNCIA A PESTICIDA
650 _aCONTROLE INTEGRADO
650 _aBIOLOGIA
650 _aDINÂMICA POPULACIONAL
909 _a202309
_bLucia
_c55
_dLucia Elande
942 _cBK
999 _c64652
_d64652